The Weeknd, Lana Del Rey - Stargirl Interlude (lyrics) - Statistics

General Stats
  • This quiz has been taken 2,430 times
  • The average score is 93 of 110
Answer Stats
STARGIRL INTERLUDE % Correct
N | R | S | +2 others I
99%
A | N | T | ✰ a
98%
I | L | R | +2 others you
94%
E | I | ✰ my
89%
I | U | ✰ love
87%
E | G | ✰ stargirl
87%
I | ✰ cry
86%
E | I | ✰ just
85%
vision
85%
had
84%
R | ✰ see
84%
I the
84%
kitchen
83%
A | U | ✰ know
83%
D | R | ✰ are
82%
in
82%
G | L | ✰ but
81%
L | T | ✰ it
81%
L | ✰ shine
81%
D | ✰ starboy
81%
E | ✰ wanna
81%
L | T | ✰ cause
80%
A | D | E | ✰ and
79%
R of
79%
E | R | ✰ shouldn't
77%
back
76%
like
76%
cat
75%
was
73%
G nails
70%
screaming
70%
position
69%
N arched
63%
R scratching
62%
were
59%
stop
58%
R couldn't
57%
U hitting
57%
counter
56%
L tops
53%
No matching quizzes found
Score Distribution
Percent of People with Each Score
Percentile by Number Answered
Your Score History
You have not taken this quiz